LEADER 00739cam0 2200241 450 001 E600200048937 005 20210222110153.0 100 $a20090512d1971 |||||ita|0103 ba 101 $aita 102 $aIT 200 1 $aStoria della mia ricerca$fUgo Spirito 210 $aFirenze$cSansoni$d1971 215 $a236 p.$d22 cm 700 1$aSpirito$b, Ugo$3A600200030900$4070$0122711 801 0$aIT$bUNISOB$c20210222$gRICA 850 $aUNISOB 852 $aUNISOB$j100$m18856 912 $aE600200048937 940 $aM 102 Monografia moderna SBN 941 $aM 957 $a100$b001957$gSi$d18856$racquisto$1massimo$2UNISOB$3UNISOB$420090512085724.0$520210222110143.0$6Alfano 996 $aStoria della mia ricerca$9194523 997 $aUNISOB